| 000 -LEADER | |
|---|---|
| fixed length control field | 00366nam a22001217a 4500 |
| 050 ## - LIBRARY OF CONGRESS CALL NUMBER | |
| Classification number | HF5549 |
| 100 ## - MAIN ENTRY--AUTHOR NAME | |
| Personal name | Leopold, John |
| Personal name | Watson, Tony |
| 245 ## - TITLE STATEMENT | |
| Title | Strategic human resourcing: principles, perspectives and practice |
| 260 ## - PUBLICATION, DISTRIBUTION, ETC. (IMPRINT) | |
| Place of publication | Harlow |
| Name of publisher | Pearson Education Ltd |
| Year of publication | 1999 |
| 300 ## - PHYSICAL DESCRIPTION | |
| Number of Pages | xxiv, 470p.:ill., includes bibliographical references and index |
| 942 ## - ADDED ENTRY ELEMENTS (KOHA) | |
| Koha item type | Books |
| Koha item type | Collection code | Shelving location | Accession Number | Permanent Location | Current Location | Date acquired | Full call number |
|---|---|---|---|---|---|---|---|
| Books | Lending | Lending | 1285 | Chapman Library | Chapman Library | 2016-04-26 | HF5549leo |

